Enzymy, vitaminy a hormony : výukový program vytvořený v programu Macromedia Flash /

Hlavní autor: Kučerová, Olga
Další autoři: Teplá, Milada, 1981-
Jazyk: Čeština
Vydáno: Praha : Univerzita Karlova v Praze, Přírodovědecká fakulta, 2009
Vydání: Vyd. 1.
Témata:
Fyzický popis: 14 s. : il. (převážně barev.) ; 21 cm + 1 CD-ROM
Knihy
Uloženo v:
LEADER 01796nam a2200505 a 4500
001 nkc20092023634
003 CZ PrNK
005 20111019140018.0
007 ta
008 110923s2009 xr a e f 000 0 cze
015 |a cnb002023634 
020 |a 978-80-86561-36-3  |q (brož.) 
035 |a (OCoLC)761168367 
040 |a ABA001  |b cze 
072 7 |a 577  |x Biochemie. Molekulární biologie. Biofyzika  |2 Konspekt  |9 2 
080 |a 577.15  |2 MRF 
080 |a 577.16  |2 MRF 
080 |a 577.17  |2 MRF 
080 |a 54:001.891.5  |2 MRF 
080 |a 37.091.3:004  |2 MRF 
080 |a (072)  |2 MRF 
100 1 |a Kučerová, Olga  |7 jx20111003009  |4 aut 
245 1 0 |a Enzymy, vitaminy a hormony :  |b výukový program vytvořený v programu Macromedia Flash /  |c Olga Kučerová, Milada Teplá 
250 |a Vyd. 1. 
260 |a Praha :  |b Univerzita Karlova v Praze, Přírodovědecká fakulta,  |c 2009 
300 |a 14 s. :  |b il. (převážně barev.) ;  |c 21 cm +  |e 1 CD-ROM 
504 |a Obsahuje bibliografii 
650 0 7 |a enzymy  |7 ph119969  |2 czenas 
650 0 7 |a vitaminy  |7 ph116579  |2 czenas 
650 0 7 |a hormony  |7 ph114691  |2 czenas 
650 0 7 |a chemické pokusy  |7 ph153078  |2 czenas 
650 0 7 |a počítačem podporovaná výuka  |7 ph138155  |2 czenas 
650 0 9 |a enzymes  |2 eczenas 
650 0 9 |a vitamins  |2 eczenas 
650 0 9 |a hormones  |2 eczenas 
650 0 9 |a chemical experiments  |2 eczenas 
650 0 9 |a computer-aided learning  |2 eczenas 
655 7 |a metodické příručky  |7 fd132826  |2 czenas 
655 9 |a methodological manuals  |2 eczenas 
700 1 |a Teplá, Milada,  |d 1981-  |7 mzk2009502511  |4 aut 
910 2 |a BOA001  |b 2-1272.027 
990 |a BK 
995 |a 01 
991 |b 201110  |c NOV  |e n 
996 6 |b 2610489486  |c 2-1272.027  |l MZK  |r Sklad / do 1 hodiny  |n 4  |p p.v.  |w 001203145  |u 000010  |a 1  |e BOA001  |j MZK50  |s P